Entry Personal Name
Number of records used in: 6
001 - CONTROL NUMBER
003 - CONTROL NUMBER IDENTIFIER
005 - DATE AND TIME OF LATEST TRANSACTION
- control field:
20260310105317.0
008 - FIXED-LENGTH DATA ELEMENTS
- fixed length control field:
200206|| aca||aabn | a|a d
040 ## - CATALOGING SOURCE
- Original cataloging agency:
OSt
100 ## - HEADING--PERSONAL NAME
- Personal name:
Muhammed, T Jamal
500 ## - SEE ALSO FROM TRACING--PERSONAL NAME
- Relationship:
Mohammed, Jamal T